000 00363nam a22001577a 4500
003 SGT
020 _a9780521138468
082 _a539.76
_bPER
100 _aPERKINS,DONALD.H.
245 _aINTRODUCTION TO HIGH ENERGY PHYSICS
250 _a4TH
260 _aNEW DELHI
_bCAMBRIDGE UNIVERSITY PRESS
_c2018
300 _a426
650 _aPHYSICS
942 _2ddc
_cBK
999 _c24983
_d24983